| 000 | 00365 a2200133 4500 | ||
|---|---|---|---|
| 005 | 20250624083552.0 | ||
| 020 | _a978-0-07-147671-3 | ||
| 082 | _a657 LIM | ||
| 100 | _aLIM, J. P | ||
| 245 | _aFinancial Planning Demystified: A self-Teaching Guide | ||
| 260 |
_aNew York _bMcGraw-Hill Irwin _c2007. |
||
| 300 |
_axi,304p.: ill.; figures _bIndex _c23cm |
||
| 942 |
_2ddc _cBKS |
||
| 999 |
_c4773 _d4773 |
||